| 000 | 00901cab a2200253 4500 | ||
|---|---|---|---|
| 001 | ABS49861 | ||
| 008 | 090401t xxu||||| |||| 00| 0 eng d | ||
| 035 | _a(Sirsi) u73069 | ||
| 041 | _aeng | ||
| 100 | _aHealey, P. | ||
| 245 | _aPlanners, plans and sustainable development | ||
| 350 | _a0 | ||
| 490 |
_aRegional Studies _v27(8), 769-776(8) |
||
| 520 | _aSuggests that the planning system continually has new issues and social concerns to incorporate and addresses the particular challenge of development plans. Argues that the system risks becoming a limited influence in achieving wider environmental objectives. | ||
| 650 | _aDEVELOPMENT PLANS | ||
| 650 | _aENVIRONMENTAL ISSUES | ||
| 650 | _aPLANNING SYSTEM | ||
| 650 |
_aSustainability _96271 |
||
| 650 | _aSUSTAINABLE DEVELOPMENT | ||
| 690 | _aPLANNING LAW AND PRACTICE | ||
| 700 | _aShaw, T. | ||
| 942 | _n0 | ||
| 948 | _c04/03/1997 | ||
| 999 |
_c46206 _d46206 |
||